ARRUPE JESUIT UNIVERSITY

CORONAVIRUS -STOP THE SPREAD - CLEAN,DISINFECT,COVER

The Cambridge companion to the Jesuits (Record no. 66024)

MARC details
000 -LEADER
fixed length control field 00510nam a2200205Ia 4500
003 - CONTROL NUMBER IDENTIFIER
control field 0100
008 - FIXED-LENGTH DATA ELEMENTS--GENERAL INFORMATION
fixed length control field 130303s9999 xx 000 0 und d
040 ## - CATALOGING SOURCE
Transcribing agency ARRUPELIB
300 ## - PHYSICAL DESCRIPTION
Other physical details 23 cm
245 #4 - TITLE STATEMENT
Title The Cambridge companion to the Jesuits
260 ## - PUBLICATION, DISTRIBUTION, ETC. (IMPRINT)
Place of publication, distribution, etc Cambridge
260 ## - PUBLICATION, DISTRIBUTION, ETC. (IMPRINT)
Name of publisher, distributor, etc Cambridge University Press
260 ## - PUBLICATION, DISTRIBUTION, ETC. (IMPRINT)
-- 2008
300 ## - PHYSICAL DESCRIPTION
Extent 361p.
650 ## - SUBJECT ADDED ENTRY--TOPICAL TERM
Topical term following geographic name as entry element Cultures
650 ## - SUBJECT ADDED ENTRY--TOPICAL TERM
Location of event Arts, Modern
650 ## - SUBJECT ADDED ENTRY--TOPICAL TERM
Active dates Civilization, Modern--Philosophy
700 ## - ADDED ENTRY--PERSONAL NAME
Personal name Worcester, Thomas (ed.)
942 ## - ADDED ENTRY ELEMENTS (KOHA)
Source of classification or shelving scheme Library of Congress Classification
Koha issues (borrowed), all copies 5
Holdings
Withdrawn status Lost status Source of classification or shelving scheme Damaged status Not for loan Collection code Home library Current library Shelving location Date acquired Total Checkouts Barcode Date last seen Date checked out Copy number Price effective from Koha item type
    Library of Congress Classification     Main Collection ARRUPE LIBRARY ARRUPE LIBRARY   05/03/2013 6 46004004612 22/11/2017 05/11/2016 1 05/03/2013 Monograph ( Printed materials)

 

Arrupe Library. PO Box MP320 Mt Pleasant, Harare, Zimbabwe
263 242 745411|librarian@aju.ac.zw